English-hindi grammar / (Record no. 37650)

MARC details
000 -LEADER
fixed length control field 00661nam a22001937a 4500
005 - DATE AND TIME OF LATEST TRANSACTION
control field 20100726114756.0
010 ## - LCCN (DPL NO)
LC control number ENG-96844
020 ## - INTERNATIONAL STANDARD BOOK NUMBER
International Standard Book Number 9788190693271
Terms of availability 200.00
035 ## - SYSTEM CONTROL NUMBER
System control number EN-80377
037 ## - SOURCE OF ACQUISITION
Source of stock number/acquisition DBAD/PUB
082 ## - DEWEY DECIMAL CLASSIFICATION NUMBER
Classification number 485
100 ## - MAIN ENTRY--PERSONAL NAME
Personal name Sharma, Pavitra Kumar
245 ## - TITLE STATEMENT
Title English-hindi grammar /
Statement of responsibility, etc by Pavitra Kumar Sharma
260 ## - PUBLICATION, DISTRIBUTION, ETC. (IMPRINT)
Place of publication, distribution, etc New Delhi
Name of publisher, distributor, etc Akash Ganga Prakashan
Date of publication, distribution, etc 2009
270 ## - ADDRESS
Address 4760-61, 23, Ansari Road, Daryaganj, New Delhi-110002
City New Delhi
300 ## - PHYSICAL DESCRIPTION
Extent 133p.
Dimensions 22cm (Hb)
942 ## - ADDED ENTRY ELEMENTS (KOHA)
Source of classification or shelving scheme Dewey Decimal Classification
Item type English Books
Classification part 485
Call number suffix SHA
Holdings
Withdrawn status Lost status Not for loan Collection code Home library Current library Date acquired Source of acquisition Cost, normal purchase price Full call number Barcode Copy number Cost, replacement price Koha item type
    Not For Loan Non-fiction D.B.Act.Division D.B.Act.Division 26/07/2010 DBAD/PUB 200.00 485 SHA EN-80377 1 200.00 English Books

© Delhi Public Library
Hit Counter
free hit counter